<?xml version="1.0" encoding="UTF-8"?>
<record
    xmlns:xsi="http://www.w3.org/2001/XMLSchema-instance"
    xsi:schemaLocation="http://www.loc.gov/MARC21/slim http://www.loc.gov/standards/marcxml/schema/MARC21slim.xsd"
    xmlns="http://www.loc.gov/MARC21/slim">

  <leader>01192naa a22001931i 4500</leader>
  <controlfield tag="001">162</controlfield>
  <controlfield tag="003">KOSZ 005</controlfield>
  <controlfield tag="005">20180214125555.0</controlfield>
  <controlfield tag="008">140212s2006    pl     f     |000 0 pol d</controlfield>
  <datafield tag="040" ind1=" " ind2=" ">
    <subfield code="c">BPK</subfield>
    <subfield code="d">KOSZ 005/ac</subfield>
  </datafield>
  <datafield tag="080" ind1=" " ind2=" ">
    <subfield code="a">621.59</subfield>
  </datafield>
  <datafield tag="100" ind1="1" ind2=" ">
    <subfield code="a">BOHDAL, Tadeusz.</subfield>
    <subfield code="d">1996 -  .</subfield>
    <subfield code="b">Politechnika Koszali&#x144;ska - Wydzia&#x142; Mechaniczny,</subfield>
    <subfield code="c">Katedra Techniki Cieplnej i Ch&#x142;odnictwa</subfield>
    <subfield code="u">Katedra Techniki Cieplnej i Ch&#x142;odnictwa</subfield>
  </datafield>
  <datafield tag="245" ind1="1" ind2="0">
    <subfield code="a">Badania eksploatacyjne skraplacza ch&#x142;odzonego powietrzem /</subfield>
    <subfield code="c">Tadeusz Bohdal, Magdalena Grzejszczak.</subfield>
  </datafield>
  <datafield tag="500" ind1=" " ind2=" ">
    <subfield code="a">autopsja</subfield>
  </datafield>
  <datafield tag="520" ind1=" " ind2=" ">
    <subfield code="a">Przedstawiono wyniki bada&#x144; cieplno-przep&#x142;ywowych lamelowanego skraplacza ch&#x142;odzonego powietrzem zasilanego czynnikiem R404A. Wyznaczono charakterystyki zewn&#x119;trzne skraplacza, kt&#xF3;re wyra&#x17C;aj&#x105; zwi&#x105;zek wielko&#x15B;ci opisuj&#x105;cych wymiennik ciep&#x142;a traktowany jako ca&#x142;o&#x15B;&#x107;, tj. g&#x119;sto&#x15B;ci strumienia masy, wydajno&#x15B;ci cieplnej, wsp&#xF3;&#x142;czynnika przenikania ciep&#x142;a i opor&#xF3;w przep&#x142;ywu. Zaproponowano wnioski i zalecenia dotycz&#x105;ce badania skraplaczy ch&#x142;odzonych powietrzem.</subfield>
  </datafield>
  <datafield tag="650" ind1=" " ind2="0">
    <subfield code="a">Ch&#x142;odnictwo.</subfield>
  </datafield>
  <datafield tag="773" ind1="0" ind2=" ">
    <subfield code="i">W :</subfield>
    <subfield code="t">Ch&#x142;odnictwo i Klimatyzacja. -</subfield>
    <subfield code="g">2006, nr 12(104), s. 41-47</subfield>
    <subfield code="x">1425-9796</subfield>
  </datafield>
  <datafield tag="942" ind1=" " ind2=" ">
    <subfield code="c">ART</subfield>
    <subfield code="2">UKD</subfield>
  </datafield>
  <datafield tag="999" ind1=" " ind2=" ">
    <subfield code="c">162</subfield>
    <subfield code="d">162</subfield>
  </datafield>
  <datafield tag="952" ind1=" " ind2=" ">
    <subfield code="0">0</subfield>
    <subfield code="1">0</subfield>
    <subfield code="4">0</subfield>
    <subfield code="7">0</subfield>
    <subfield code="a">BPK</subfield>
    <subfield code="b">BPK</subfield>
    <subfield code="o">0967</subfield>
    <subfield code="y">ART</subfield>
  </datafield>
</record>
